00431nam a2200157Ia 4500008004100000020002300041040001900064041001200083082003000095100002300125245004800148260003600196300002100232650001000253850001000263131103s9999 xx 000 0 und d a8185826714cRs.200 aLoreto College aEnglish a891.4309/KAPbLCLIB/41650 aKapur,Shyamchandra aHindi Sahityo ka ItihascShyamchandra Kapur aNew DelhibGranth Akademic1999 a646 p. c 21 cm. aHindi aLCLIB